Hacia el fortalecimiento de acciones e interacciones en favor de la niñez

Gespeichert in:
Bibliographische Detailangaben
Körperschaft: Encuentro Sobre Redes de Niñez de América Latina y El Caribe (VerfasserIn)
Format: Buch
Sprache:Spanisch
Veröffentlicht: Santa Marta Cinde 1993
Schlagworte:
Tags: Tag hinzufügen
Keine Tags, Fügen Sie den ersten Tag hinzu!

MARC

LEADER 00000nam a2200000 a 4500
001 UCS4665
003 CL-VaPUC
005 20240819145831.0
008 970808e19930000ck 1 spa d
082 0 4 |a 305.23  |b ENC  |2 21 
110 2 |a Encuentro Sobre Redes de Niñez de América Latina y El Caribe  |e author  |9 618478 
245 1 0 |a Hacia el fortalecimiento de acciones e interacciones en favor de la niñez 
260 |a Santa Marta  |b Cinde  |c 1993 
300 |a 128 p 
583 |a last modification  |c 19970808 00:00:00  |k Rodrigo Vera 
650 0 7 |a NIÑEZ  |2 CL-VaPUC  |9 374762 
650 0 7 |a SERVICIOS  |2 CL-VaPUC  |9 333888 
650 0 7 |a NECESIDADES  |2 CL-VaPUC  |9 353810 
650 0 7 |a PROTECCION A LA NIÑEZ  |2 CL-VaPUC  |9 391567 
650 0 0 |a Metodología   |9 256610 
650 0 0 |a Asistencia a la infancia  |9 548970 
651 0 |a América Latina   |9 255027 
651 7 |a EL ISLAS CARIBES  |2 CL-VaPUC  |9 353142 
942 |c BK 
945 |a amoreno  |d 19970808 00:00:00 
546 |a En Español 
518 |p Informe encuentro sobre redes de niñez de America Latina y el Caribe, 1er.,Santa Marta,Colombia, 1994 
999 |c 382973  |d 382971 
952 |0 0  |1 0  |4 0  |6 305_230000000000000_ENC_1993  |7 0  |8 A  |9 504940  |a BIBEDU  |b BIBEDU  |d 2020-01-23  |i 3313980  |o 305.23 ENC 1993  |p 3313980  |r 2020-01-23  |w 2020-01-23  |y BK  |k EDU